000 00648cam a22002411 4500
001 sa 63001790
003 DLC
005 20260227111929.0
008 910815s1962 ii 000 1 pan
010 _asa 63001790
025 _aPL480:I-Pu-171
035 _a(OCoLC)24239642
040 _aDLC
_cGEU-T
_dNSyU
_dDLC
042 _apremarc
050 0 0 _aPK2659.S4
_bA78
100 1 _aSethi, Surjit Singh,
_d1928-
245 0 0 _aAlapaththara,
_cSurajīta Siṅgha Seṭhī.
250 _a[Pahilī wāra.]
260 _aAmmritasara,
_bLoka Sāhīta Prakāshān
_c[1962]
300 _a250 p.
_c19 cm.
500 _aIn Panjabi.
500 _aA novel.
999 _c54143
_d54143